India book of the year 2004 (Record no. 15613)

MARC details
000 -LEADER
fixed length control field 00481nam a2200169Ia 4500
003 - CONTROL NUMBER IDENTIFIER
control field IN-BaIIA
008 - FIXED-LENGTH DATA ELEMENTS--GENERAL INFORMATION
fixed length control field 211028s9999 xx 000 0 eng d
020 ## - INTERNATIONAL STANDARD BOOK NUMBER
International Standard Book Number 81-8131-099-3
040 ## - CATALOGING SOURCE
Transcribing agency IIA Library
080 ## - UNIVERSAL DECIMAL CLASSIFICATION NUMBER
Universal Decimal Classification number 058
Item number ENB-04
110 ## - MAIN ENTRY--CORPORATE NAME
Corporate name or jurisdiction name as entry element Encyclopedia Britannica
9 (RLIN) 10946
245 #0 - TITLE STATEMENT
Title India book of the year 2004
Statement of responsibility, etc. Encyclopedia Britannica
260 ## - PUBLICATION, DISTRIBUTION, ETC.
Place of publication, distribution, etc. NewDelhi
Name of publisher, distributor, etc. Encyclopaedia Britannica
Date of publication, distribution, etc. 2004
300 ## - PHYSICAL DESCRIPTION
Extent xvi, 399p.
650 ## - SUBJECT ADDED ENTRY--TOPICAL TERM
Topical term or geographic name entry element India - Yearbook - 2004
9 (RLIN) 28781
942 ## - ADDED ENTRY ELEMENTS (KOHA)
Koha item type Books
Holdings
Withdrawn status Lost status Damaged status Not for loan Home library Current library Shelving location Date acquired Source of acquisition Cost, normal purchase price Total Checkouts Full call number Barcode Date last seen Cost, replacement price Price effective from Koha item type Purchase Price
        IIA Library-Bangalore IIA Library-Bangalore General Stacks 27/02/2004 INT 295.00   058/ ENB-04 16535 05/11/2021 295.00 27/02/2004 Books Rs. 295.00

Powered by Koha